[Event "Fynsmesterskabet 2011"]
[Site "Odense DEN"]
[Date "2011.06.03"]
[Round "5.6"]
[White "Milov,V"]
[Black "Macak,S"]
[Result "1-0"]
[WhiteElo "2648"]
[BlackElo "2400"]

1.d4 Nf6 2.c4 g6 3.Nc3 Bg7 4.e4 d6 5.Bg5 O-O 6.Qd2 c5 7.d5 a6 8.a4 Qa5 9.Ra3 e6
10.Nge2 exd5 11.cxd5 Re8 12.Ng3 Nbd7 13.Be2 Qb4 14.O-O h6 15.Bf4 Ne5 16.Qc2 Qa5
17.Bd2 h5 18.f4 Neg4 19.h3 Nh6 20.Bf3 h4 21.Nge2 Nh7 22.Qc1 f5 23.e5 Qc7
24.e6 b6 25.Nd1 Bb7 26.Ne3 b5 27.Rb3 Nf6 28.Be1 Ne4 29.Bxe4 fxe4 30.Bxh4 bxa4
31.Ra3 Qb6 32.Nc3 Nf5 33.Bf2 Nxe3 34.Bxe3 Bxc3 35.Qxc3 Bxd5 36.f5 Ra7 37.Qf6 Rf8
38.Qg5 Qxb2 39.f6 Bxe6 40.Qxg6+ Kh8 41.Qh6+ Kg8 42.Bxc5 Qb4  1-0

[Event "Fynsmesterskabet 2011"]
[Site "Odense DEN"]
[Date "2011.06.04"]
[Round "6.4"]
[White "Rewitz,P"]
[Black "Milov,V"]
[Result "0-1"]
[WhiteElo "2289"]
[BlackElo "2648"]

1.d4 Nf6 2.c4 e6 3.Nc3 Bb4 4.Qc2 O-O 5.a3 Bxc3+ 6.Qxc3 d6 7.Bg5 Nbd7 8.e3 b6
9.Bd3 Ba6 10.Ne2 c5 11.O-O Rc8 12.Qc2 h6 13.Bxf6 Nxf6 14.b4 cxd4 15.Nxd4 e5
16.Qa4 Bb7 17.Nf5 g6 18.Qxa7 Qc7 19.Nxd6 Qxd6 20.Qxb7 Qxd3 21.Qxb6 Ne4 22.c5 Nc3
23.Qf6 Rfe8 24.h3 Re6 25.Qh4 Kg7 26.Kh2 Ra8 27.Rfe1 Rf6 28.f3 Qd2 29.Qg3 Rf5
30.h4 Qb2 31.Qg4 Rh5 32.c6 Qf2 33.Kh3 Ne2 34.Rxe2 Qxe2 35.c7 Rf5 36.e4 h5
37.Qg3 Rf4 38.Rc1 Qa6 39.Qf2 Rc8 40.a4 Qxa4 41.Qd2 Qe8 42.Qd5 Qe7  0-1

[Event "Fynsmesterskabet 2011"]
[Site "Odense DEN"]
[Date "2011.06.05"]
[Round "8"]
[White "Milov,V"]
[Black "Meszaros,Mi"]
[Result "1-0"]
[WhiteElo "2648"]
[BlackElo "2414"]

1.d4 d5 2.c4 dxc4 3.e3 e5 4.Bxc4 exd4 5.exd4 Nf6 6.Nf3 Bd6 7.O-O O-O 8.Nc3 Nc6
9.Bg5 h6 10.Bh4 Bg4 11.Re1 Bxf3 12.Qxf3 Nxd4 13.Qd3 Nc6 14.Rad1 Ne5 15.Rxe5 Bxe5
16.Qf5 Qe8 17.Bxf6 Bxf6 18.Bd3 g6 19.Qxf6 Rd8 20.h4 Rd6 21.Qf3 Qe5 22.Ne4 Rd4
23.h5 Kg7 24.Rc1 Rfd8 25.hxg6 f5 26.Bc2 Rxe4 27.Bxe4 Qxe4 28.Rxc7+ Kxg6 29.Qxe4 fxe4
30.Rxb7 Rd2 31.a4 a5 32.Rb5 Kf6 33.Kf1 Kg6 34.Re5 Rxb2 35.Rxe4 Ra2 36.g3 Kf5
37.Rc4 Kg6 38.Kg2 Ra3 39.f4 h5 40.Kh3 Ra1 41.Rc5 Rxa4 42.Rg5+ Kh6 43.Kh4 Ra1
44.Rxh5+ Kg6 45.Kg4 a4 46.Ra5 a3 47.Ra6+ Kh7 48.Kg5 a2 49.g4 Kg7 50.f5 Kf7
51.Ra7+ Ke8 52.f6 Kf8 53.Kg6  1-0

[Event "Fynsmesterskabet 2011"]
[Site "Odense DEN"]
[Date "2011.06.05"]
[Round "9"]
[White "Milov,V"]
[Black "Lafuente,P"]
[Result "1-0"]
[WhiteElo "2648"]
[BlackElo "2555"]

1.d4 Nf6 2.c4 e6 3.Nc3 Bb4 4.e3 d5 5.a3 Bxc3+ 6.bxc3 c6 7.cxd5 cxd5 8.c4 Nc6
9.Nf3 O-O 10.Bd3 dxc4 11.Bxc4 b6 12.O-O Bb7 13.Bd3 Qd5 14.Rb1 Rac8 15.Rb5 Qd7
16.Rg5 Ne7 17.Ne5 Qd8 18.Bb2 Ng6 19.Qb1 Nd5 20.Rh5 f5 21.Nxg6 hxg6 22.Rh3 Nc3
23.Qe1 Qd5 24.f3 Qb3 25.Qd2 Nd5 26.Rg3 Nxe3 27.Re1 Nc4 28.Bxc4 Rxc4 29.Rxg6 Rc2
30.Qg5 Rc7 31.Ba1 Bd5 32.h4 Qxa3 33.h5 Qe7 34.Qf4 Kh7 35.Bb2 Rc2 36.Bc1 Rf6
37.Qh4 Qf7 38.Rg3 f4 39.Rg4 Rf5 40.Bxf4 Rxh5 41.Qg3 Rc8 42.Re5 Rf5 43.Qh4+ Kg8
44.Bh6 g6 45.Qg3 Kh7 46.Bf4 Rh5 47.Reg5  1-0

[Event "TCh-SUI 2011"]
[Site "Switzerland SUI"]
[Date "2011.06.26"]
[Round "5.3"]
[White "Milov,V"]
[Black "Hug,W"]
[Result "1-0"]
[WhiteElo "2653"]
[BlackElo "2475"]

1.d4 Nf6 2.c4 d6 3.Nc3 Bf5 4.Nf3 g6 5.h3 c6 6.g4 Be4 7.Bg2 Bxf3 8.Bxf3 Bg7
9.Be3 h5 10.Rg1 hxg4 11.hxg4 Qb6 12.a3 Nbd7 13.b4 Qc7 14.Rc1 a6 15.Qd2 Kf8
16.g5 Ng8 17.Ne4 Rh4 18.Bf4 Rxf4 19.Qxf4 Bxd4 20.Qd2 Bg7 21.Rh1 Ne5 22.Bg2 b5
23.Qf4 bxc4 24.Rh7 Rb8 25.Qd2 Qb6 26.Bh3 Rd8 27.Kf1 c5 28.bxc5 dxc5 29.Qf4 Qb2
30.Nxc5 Rd6 31.Ne6+ Rxe6 32.Bxe6  1-0

[Event "TCh-SUI 2011"]
[Site "Switzerland SUI"]
[Date "2011.08.27"]
[Round "6.1"]
[White "Moor,O"]
[Black "Milov,V"]
[Result "1/2-1/2"]
[WhiteElo "2411"]
[BlackElo "2653"]

1.d4 Nf6 2.c4 e6 3.Nf3 c5 4.d5 exd5 5.cxd5 Bd6 6.Nc3 O-O 7.Bg5 Re8 8.e3 Bf8
9.Be2 d6 10.Nd2 h6 11.Bh4 Nbd7 12.O-O a6 13.a4 Ne5 14.Re1 g5 15.Bg3 Bf5 16.e4 Bg6
17.a5 Nfd7 18.Qc2 h5 19.h3 Qf6 20.Rf1 Bh6 21.Qd1 g4 22.hxg4 h4 23.Bh2 Bf4
24.g3 hxg3 25.fxg3 Be3+ 26.Kg2 Qg5 27.Rf4 Kg7 28.Nf1 Bd4 29.Bg1 Bxg1 30.Kxg1 Rh8
31.Rf2 Nf6 32.Qd2 Qxd2 33.Nxd2 Rh3 34.Rg2 Rah8 35.Kf2 Nfxg4+ 36.Bxg4 Nxg4+
37.Ke2 f5 38.Nc4 Rd8 39.exf5 Bxf5 40.Rf1 Rh5 41.Kd2 Rg5 42.Re2 Rd7 43.Rf4 Nh6
44.Re3 Bg6 45.Ref3 Ng4 46.Rf1 Ne5 47.Nxe5 Rxe5 48.Re1 Rg5 49.Re3 Bf7 50.Rd3 Rh5
51.Rh4 Re5 52.b4 cxb4 53.Rxb4 Rc7 54.Rdd4 Bg6 55.Rdc4 Rce7 56.Rb6 Re3 57.Rxd6 Rxg3
58.Re6 Rf7 59.Re3 Rg2+ 60.Re2 Rg5 61.Rd4 Rd7 62.Re6 Bf7 63.Re3 Rg2+ 64.Kd3 Rg1
65.Kc4 Ra1 66.Kb4 Kf8 67.Re2 Rc1 68.Re3 Ra1 69.Rd2 Re7 70.Rde2 Rc7 71.Re4 Rc1
72.R2e3 Rc2 73.Rd4 Rb2+ 74.Ka3 Rg2 75.Rf4 Rd2 76.Kb4 Rb2+ 77.Ka3 Rd2 78.Kb4 Rb2+  1/2-1/2

[Event "TCh-SUI 2011"]
[Site "Switzerland SUI"]
[Date "2011.08.28"]
[Round "7.1"]
[White "Milov,V"]
[Black "Netzer,Je"]
[Result "1-0"]
[WhiteElo "2653"]
[BlackElo "2400"]

1.d4 f5 2.g3 d6 3.Bg2 Nf6 4.Nf3 g6 5.O-O Bg7 6.b4 O-O 7.Bb2 Qe8 8.c4 c6 9.Nbd2 h6
10.Qb3 Qf7 11.b5 Be6 12.a4 Nbd7 13.Rac1 Rab8 14.Qd3 Rfc8 15.Ba3 Ne4 16.Nxe4 fxe4
17.Qxe4 Nb6 18.c5 Bd5 19.Qd3 dxc5 20.Bxc5 Bc4 21.Qe4 Nxa4 22.Bxa7 Ra8 23.Bh3 Bd5
24.Qc2 Bb3 25.Qe4 Bd5 26.Qe3 Rd8 27.bxc6 bxc6 28.Bc5 Nxc5 29.Rxc5 Kh7 30.Ne5 Bxe5
31.Qxe5 Ra2 32.Rc3 Rda8 33.Bg4 R8a5 34.Qe3 R2a4 35.Bf3 Qf6 36.Rd1 Bxf3 37.exf3 Rd5
38.Rdc1 Raxd4 39.Rxc6 Qe5 40.Re1 Qxe3 41.Rxe3 Rd7 42.Rce6  1-0

[Event "TCh-SUI 2011"]
[Site "Lausanne SUI"]
[Date "2011.10.22"]
[Round "8.4"]
[White "Heimann,An"]
[Black "Milov,V"]
[Result "1/2-1/2"]
[WhiteElo "2476"]
[BlackElo "2653"]

1.e4 c5 2.Nf3 e6 3.d4 cxd4 4.Nxd4 a6 5.c4 Nf6 6.Nc3 d6 7.Be2 Be7 8.O-O b6
9.Be3 Bb7 10.f3 Nbd7 11.Qd2 O-O 12.Rac1 Kh8 13.Rfd1 Rg8 14.b4 g5 15.Bxg5 Rg6
16.f4 Qg8 17.Bf3 Rd8 18.Qe3 h6 19.Nf5 exf5 20.exf5 Bxf3 21.fxg6 Bxd1 22.Qxe7 hxg5
23.Rxd1 Re8 24.gxf7 Rxe7 25.fxg8=Q+ Kxg8 26.fxg5 Ng4 27.h3 Ne3 28.Rxd6 Nxc4
29.Rd4 Nce5 30.Kh2 Kg7 31.Nd5 Re6 32.Nf4 Rc6 33.a4 Rc3 34.Rd6 Rc6 35.Rd4 Rc4
36.Rxc4 Nxc4 37.h4 Nb2 38.a5 bxa5 39.bxa5 Nc4 40.Ne6+ Kf7 41.Nd8+ Kg6 42.Nc6 Nce5
43.Nxe5+ Nxe5 44.Kg3 Kf5 45.Kf2 Nc4 46.Ke2 Nxa5 47.Kd3 Nc6  1/2-1/2

[Event "TCh-SUI 2011"]
[Site "Lausanne SUI"]
[Date "2011.10.23"]
[Round "9.4"]
[White "Milov,V"]
[Black "Miralles,G"]
[Result "1-0"]
[WhiteElo "2653"]
[BlackElo "2462"]

1.d4 d5 2.c4 Bf5 3.Nc3 e6 4.g4 Bxg4 5.cxd5 exd5 6.Qb3 Nc6 7.Bg2 Nf6 8.Bg5 Bb4
9.O-O-O Bxc3 10.Qxc3 O-O 11.h4 Re8 12.Qg3 Bxe2 13.Nxe2 Rxe2 14.Rhg1 Qe7 15.Bxd5 Ne4
16.Qf4 Nxg5 17.Rxg5 Nb4 18.Bb3 Re1 19.Rg3 Re8 20.Qg4 Qf6 21.Rxe1 Rxe1+ 22.Kd2 Qxf2+
23.Kc3 Nxa2+ 24.Bxa2 g6 25.Qg5 Re2 26.Rd3 Rc2+ 27.Kb4 Rxb2+ 28.Bb3 Qe1+ 29.Rc3 c6
30.Qe3 Re2 31.Qf3 Re7 32.h5 Qh4 33.Rd3 gxh5 34.Rd2 Qe1 35.Qc3 Kf8 36.Ka3 Re3
37.Qb2 a5 38.Ka2 b5 39.d5 cxd5 40.Bxd5 a4 41.Rf2 Re6 42.Bxe6 Qxe6+ 43.Ka3 Qe7+
44.Qb4 Qxb4+ 45.Kxb4 Kg7 46.Kxb5 Kg6 47.Kc4 Kg5 48.Kd3 Kg4 49.Ke2  1-0

[Event "TCh-SUI National A 2012"]
[Site "Switzerland SUI"]
[Date "2012.03.18"]
[Round "1.1"]
[White "Caruana,F"]
[Black "Milov,V"]
[Result "1-0"]
[WhiteElo "2767"]
[BlackElo "2653"]

1.e4 e6 2.d4 d5 3.Nc3 dxe4 4.Nxe4 Nd7 5.Nf3 Ngf6 6.Bg5 h6 7.Nxf6+ Nxf6 8.Bh4 c5
9.Bc4 cxd4 10.O-O Be7 11.Qe2 O-O 12.Rad1 Qb6 13.Nxd4 Nd5 14.Bg3 Bf6 15.c3 Bd7
16.Nf3 Bc6 17.Ne5 Rad8 18.Bd3 Be7 19.Kh1 Nf6 20.f4 Rfe8 21.Bf2 Qc7 22.Bd4 Bf8
23.Qe3 Nd5 24.Qg3 f5 25.c4 Nb6 26.Be2 Be4 27.Bh5 Re7 28.b3 Nc8 29.Bc3 Nd6
30.Rd4 Bc6 31.Rfd1 Ne4 32.Rxd8 Nxg3+ 33.hxg3 Qb6 34.Rb8 Qf2 35.Nxc6  1-0

[Event "TCh-SUI National A 2012"]
[Site "Switzerland SUI"]
[Date "2012.06.03"]
[Round "4.1"]
[White "Milov,V"]
[Black "Mantovani,R"]
[Result "1-0"]
[WhiteElo "2653"]
[BlackElo "2359"]

1.d4 d5 2.c4 e6 3.Nc3 a6 4.cxd5 exd5 5.Nf3 c6 6.Qc2 Bd6 7.Bg5 Ne7 8.Rc1 O-O
9.e3 f6 10.Bh4 Bf5 11.Bd3 Bxd3 12.Qxd3 Ng6 13.Bg3 f5 14.Ne2 f4 15.exf4 Nxf4
16.Bxf4 Bxf4 17.Nxf4 Rxf4 18.O-O Nd7 19.Rfe1 Qf6 20.Re3 Rf8 21.Rce1 h6 22.Re7 Rf7
23.Re8+ Rf8 24.Qb3 Rxe8 25.Rxe8+ Nf8 26.h3 Kh7 27.Qd3+ Qg6 28.Qxg6+ Nxg6
29.Re3 Nh4 30.Nxh4 Rxh4 31.Rd3 Re4 32.Kf1 Kg6 33.f3 Re7 34.Kf2 Kf5 35.b4 g5
36.Re3 Rf7 37.Re5+ Kf6 38.Ke3 h5 39.h4 Rg7 40.Kf2 b6 41.a3 a5 42.bxa5 bxa5
43.hxg5+ Rxg5 44.Re8 c5 45.dxc5 d4 46.Rd8 Rxc5 47.Rxd4 Kg5 48.Kg3 Rb5 49.Kh3 Rc5
50.Re4 Rc1 51.Ra4 Rc5 52.g3 Rb5 53.f4+ Kg6 54.Rc4 Rb1 55.Rc5  1-0

[Event "TCh-SUI National A 2012"]
[Site "Switzerland SUI"]
[Date "2012.06.24"]
[Round "5.1"]
[White "Carron,J"]
[Black "Milov,V"]
[Result "0-1"]
[WhiteElo "2369"]
[BlackElo "2653"]

1.d4 Nf6 2.c4 d6 3.Nf3 Nbd7 4.g3 e5 5.Bg2 Be7 6.O-O O-O 7.b3 c6 8.Nc3 Re8
9.Qc2 Bf8 10.e4 a6 11.a4 a5 12.Ba3 g6 13.Rad1 Qb6 14.h3 Nh5 15.Kh2 Ng7 16.Bc1 Ne6
17.Be3 exd4 18.Nxd4 Ndc5 19.Rb1 Bg7 20.Nde2 Qc7 21.Qd2 Ra6 22.Rfd1 Rb6 23.Qc2 h5
24.h4 Nf8 25.Nf4 Ra6 26.Bd4 Be5 27.Be3 Qe7 28.Kg1 Nh7 29.Nd3 Nxd3 30.Qxd3 Nf6
31.Bg5 Qf8 32.Re1 Nd7 33.Ne2 Nc5 34.Qd2 Ra8 35.Nf4 Qg7 36.Ne2 Qf8 37.Nf4 Qg7
38.Ne2 f5 39.f4 Bf6 40.Qxd6 Bxg5 41.Qxc5 Be7 42.Qe5 Qf8 43.Qb2 fxe4 44.Nc3 e3
45.Kh2 Bf5 46.Ne4 Ba3 47.Nf6+ Kf7 48.Qa1 Bb4 49.Nxe8 Rxe8 50.Rb2 Bxe1 51.Qxe1 Qc5
52.Bf3 Rd8 53.Qc3 Qd4 54.Qxd4 Rxd4 55.Kg1 Rd2  0-1

[Event "TCh-SUI National A 2012"]
[Site "Switzerland SUI"]
[Date "2012.09.22"]
[Round "6.3"]
[White "Milov,V"]
[Black "Pelletier,Y"]
[Result "1/2-1/2"]
[WhiteElo "2653"]
[BlackElo "2589"]

1.d4 e6 2.c4 Nf6 3.Nc3 Bb4 4.Bg5 c5 5.d5 exd5 6.cxd5 d6 7.e3 Nbd7 8.Bb5 O-O
9.Ne2 a6 10.Bxd7 Bxd7 11.O-O h6 12.Bh4 Re8 13.Qc2 Qe7 14.Kh1 Qe5 15.f4 Qxe3
16.Rf3 Qe7 17.Ng3 Bxc3 18.bxc3 Bg4 19.Rff1 Qe3 20.h3 Nxd5 21.hxg4 Qxc3 22.Qxc3 Nxc3
23.Rf3 Ne4 24.Nxe4 Rxe4 25.Rd1 c4 26.Rxd6 c3 27.Rxc3 Rxf4 28.Rb6 Rxg4 29.Be7 a5
30.a3 Ra6 31.Rxa6 bxa6 32.Kg1 Re4 33.Bd8 Ra4 34.Kf2 f6 35.Bb6 h5 36.Ke3 Rg4
37.Kf3 Ra4 38.Be3 Kf7 39.Bc1 Rd4 40.Rc5 a4 41.Rxh5 Rd3+ 42.Ke2 Rg3 43.Kf2 Rc3
44.Rh1 g5 45.Re1 Rc2+ 46.Kf3 Kg6 47.Rd1 Rc3+ 48.Ke2 Rc2+ 49.Kf3 Rc3+ 50.Ke4 f5+
51.Kd4 Rc2 52.g3 Kh5 53.Ke5 Kg4 54.Bd2 Rc5+ 55.Kd4 Rc7 56.Rf1 Rd7+ 57.Ke3 Rb7
58.Bb4 Rb5 59.Rd1 Kxg3 60.Rg1+ Kh4 61.Be7 Rb3+ 62.Kd4 Rg3 63.Rxg3 Kxg3 64.Bxg5 f4  1/2-1/2

[Event "TCh-SUI National A 2012"]
[Site "Switzerland SUI"]
[Date "2012.09.23"]
[Round "7.1"]
[White "Sokolov,And1"]
[Black "Milov,V"]
[Result "1/2-1/2"]
[WhiteElo "2577"]
[BlackElo "2653"]

1.e4 c5 2.Nf3 e6 3.d4 cxd4 4.Nxd4 a6 5.Bd3 Bc5 6.Nb3 Be7 7.Qg4 g6 8.Qg3 d6
9.c4 Nd7 10.O-O Qc7 11.Nc3 Ne5 12.h3 Bd7 13.Be3 Nf6 14.Bh6 Rg8 15.f4 Nxd3
16.Qxd3 Nh5 17.g4 Ng7 18.f5 gxf5 19.exf5 Nxf5 20.Rxf5 exf5 21.Nd5 Qd8 22.Re1 Be6  1/2-1/2

[Event "TCh-SUI National A 2012"]
[Site "Switzerland SUI"]
[Date "2012.10.20"]
[Round "8.3"]
[White "Milov,V"]
[Black "Gerber,R"]
[Result "0-1"]
[WhiteElo "2653"]
[BlackElo "2412"]

1.d4 g6 2.e4 Bg7 3.Nc3 d6 4.Be2 Nf6 5.h4 c5 6.d5 h5 7.Nf3 Bg4 8.Bf4 Nbd7
9.Qd2 Qa5 10.O-O O-O 11.Rfe1 Bxf3 12.gxf3 Ne5 13.Bg3 b5 14.Kg2 Rab8 15.a4 b4
16.Nd1 c4 17.Ne3 c3 18.bxc3 bxc3 19.Qc1 Rfc8 20.f4 Ned7 21.Bb5 Nc5 22.e5 Nfe4
23.f5 Nxg3 24.fxg3 a6 25.Nc4 Qd8 26.Bc6 dxe5 27.Kh2 Rb4 28.Nxe5 Qd6 29.fxg6 Bxe5
30.gxf7+ Kxf7 31.Rf1+ Bf6 32.Qg5 Rh8 33.Rf3 Rg4 34.Qf5 Rxh4+ 35.Kg2 Rg4 36.Re1 Kg7
37.Rf4 Rg5  0-1

[Event "TCh-SUI National A 2012"]
[Site "Switzerland SUI"]
[Date "2012.10.21"]
[Round "9.1"]
[White "Stojanovic,Mih"]
[Black "Milov,V"]
[Result "1/2-1/2"]
[WhiteElo "2579"]
[BlackElo "2653"]

1.Nf3 d5 2.d4 Nf6 3.c4 c6 4.cxd5 cxd5 5.Nc3 Nc6 6.Bf4 e6 7.Rc1 Be7 8.e3 Nh5
9.Bg3 O-O 10.Bd3 g6 11.O-O Bd7 12.Qe2  1/2-1/2

[Event "TCh-SUI 2013"]
[Site "Switzerland SUI"]
[Date "2013.03.17"]
[Round "1.1"]
[White "Zeller,F"]
[Black "Milov,V"]
[Result "1/2-1/2"]
[WhiteElo "2420"]
[BlackElo "2643"]

1.e4 c5 2.Nf3 e6 3.d4 cxd4 4.Nxd4 a6 5.c4 Nf6 6.Nc3 Bb4 7.Qc2 Qc7 8.a3 Be7
9.f4 d6 10.Bd3 Nc6 11.Nf3 Bd7 12.Be3 O-O 13.h3 b5 14.cxb5 axb5 15.O-O b4
16.Nb5 Qb8 17.a4 Rc8 18.Qf2 d5 19.Ng5 dxe4 20.Nxe4 b3 21.Nxf6+ Bxf6 22.Rfd1 Ne7
23.Nd6 Rc2 24.Bxc2 bxc2 25.Qxc2 Nd5 26.Bc5 Qxb2 27.Qxb2 Bxb2 28.Rab1 Nc3
29.Rxb2 Nxd1 30.Rb7 Bxa4 31.Rxf7 Nc3 32.Rc7 Nd5 33.Rb7 Bc6 34.Rb2 Nxf4 35.Be3 Ng6
36.Nc4 h6 37.Kh2 Ra4 38.Nb6 Ra3 39.Bc5 Rc3 40.Bd6 Rd3 41.Bg3 Rc3 42.Be1 Rc1
43.Bd2 Rc5 44.Be3 Rc3 45.Bd2 Rc5 46.Be3 Re5 47.Bf2 Re4 48.Rc2 Bb5 49.Bg3 Rd4
50.Bf2 Rb4 51.Nc8 Bd3 52.Rc7 e5 53.Ne7+ Kh7 54.Nd5 Rb8 55.Nf6+ Kh8 56.Nh5 Rb2
57.Kg3 Nf4 58.Nxg7 Bg6 59.Re7 Ra2 60.Ne6 Nh5+  1/2-1/2

[Event "TCh-SUI 2013"]
[Site "Switzerland SUI"]
[Date "2013.04.28"]
[Round "2.1"]
[White "Aranovitch,E"]
[Black "Milov,V"]
[Result "0-1"]
[WhiteElo "2341"]
[BlackElo "2643"]

1.e4 c5 2.Nf3 d6 3.d4 cxd4 4.Nxd4 Nf6 5.Nc3 Nc6 6.Bg5 Bd7 7.Qd2 Rc8 8.O-O-O Nxd4
9.Qxd4 Qa5 10.Bxf6 gxf6 11.f4 Bg7 12.Kb1 Qc5 13.Qd3 f5 14.e5 O-O 15.g4 Rfd8
16.gxf5 dxe5 17.f6 exf6 18.fxe5 Bc6  0-1

[Event "TCh-SUI 2013"]
[Site "Switzerland SUI"]
[Date "2013.05.26"]
[Round "3.1"]
[White "Milov,V"]
[Black "Forster,Ri"]
[Result "1-0"]
[WhiteElo "2643"]
[BlackElo "2451"]

1.d4 Nf6 2.c4 c5 3.d5 g6 4.Nc3 Bg7 5.e4 d6 6.Bd3 O-O 7.Nf3 e6 8.O-O exd5
9.exd5 Bg4 10.h3 Bxf3 11.Qxf3 Nbd7 12.Qd1 h6 13.a4 Re8 14.Bd2 Nh5 15.g4 Qh4
16.Kg2 Nhf6 17.Bf4 Nh7 18.Bg3 Qe7 19.f4 Qf6 20.Qd2 Qd4 21.Bf2 Qf6 22.Rae1 Rxe1
23.Rxe1 g5 24.Bf5 Rd8 25.Ne4 Qxb2 26.Qxb2 Bxb2 27.Nxd6 gxf4 28.Nxb7 Rb8 29.Nxc5 Nxc5
30.Bxc5 Rb3 31.h4 Nf6 32.d6 h5 33.gxh5 f3+ 34.Kf2 Bc3 35.Re3 Rb2+ 36.Kxf3  1-0

[Event "TCh-SUI 2013"]
[Site "Switzerland SUI"]
[Date "2013.06.22"]
[Round "4.1"]
[White "Klauser,M"]
[Black "Milov,V"]
[Result "0-1"]
[WhiteElo "2360"]
[BlackElo "2643"]

1.e4 c5 2.Nf3 e6 3.d4 cxd4 4.Nxd4 a6 5.Bd3 Bc5 6.Nb3 Be7 7.O-O d6 8.Qg4 Nf6
9.Qxg7 Rg8 10.Qh6 Nbd7 11.Nc3 b5 12.f3 Bb7 13.Qe3 Qc7 14.Re1 Ne5 15.a4 b4
16.Nd1 d5 17.Nf2 dxe4 18.Nxe4 Nd5 19.Qe2 Ng6 20.g3 h5 21.Ng5 Ngf4 22.gxf4 Nxf4  0-1

[Event "TCh-SUI 2013"]
[Site "Switzerland SUI"]
[Date "2013.06.23"]
[Round "5.1"]
[White "Milov,V"]
[Black "Moor,O"]
[Result "1/2-1/2"]
[WhiteElo "2643"]
[BlackElo "2391"]

1.d4 Nf6 2.c4 e6 3.Nc3 Bb4 4.e3 Bxc3+ 5.bxc3 d6 6.Bd3 e5 7.e4 c5 8.Ne2 Nc6
9.O-O O-O 10.f3 b6 11.d5 Ne7 12.Be3 Ne8 13.f4 exf4 14.Nxf4 Nf6 15.e5 dxe5
16.Nh5 Ne8 17.Bg5 Qd6 18.Ng3 f5 19.Bxe7 Qxe7 20.Bxf5 Nd6 21.Bd3 Rxf1+ 22.Qxf1 Bd7
23.Re1 g6 24.Qf2 Kg7 25.Ne4 Bf5 26.Nxd6 Bxd3 27.Qg3 Qxd6 28.Qxd3 Re8 29.h4 Qf6
30.Re4 h5 31.Qg3 Re7 32.Re1 Qd6 33.Re3 Re8 34.Qe1 Re7 35.Qe2 Re8 36.Re4 Qf6
37.Qe1 Re7 38.Qg3 Qd6 39.Re1 Re8 40.Re2 Re7 41.Re3 Re8 42.a4 Re7 43.Re2 Re8
44.a5 bxa5 45.Ra2 Qb6 46.Ra1 Qc7 47.Rd1 Qd6 48.Rb1 Rb8 49.Ra1 Qc7 50.Qd3 Rd8
51.Ra2 Rd7 52.Rb2 a6 53.Qb1 e4 54.Qxe4  1/2-1/2

[Event "TCh-SUI 2013"]
[Site "Switzerland SUI"]
[Date "2013.09.07"]
[Round "6.3"]
[White "Gallagher,Jo"]
[Black "Milov,V"]
[Result "1-0"]
[WhiteElo "2518"]
[BlackElo "2643"]

1.e4 c5 2.Nf3 e6 3.d4 cxd4 4.Nxd4 a6 5.Nc3 d6 6.Be2 b5 7.Bf3 Bb7 8.e5 d5
9.O-O Ne7 10.Bf4 Nbc6 11.Re1 Nxd4 12.Qxd4 Rc8 13.Qd2 Ng6 14.Bg3 Bc5 15.Ne2 h5
16.c3 h4 17.Bf4 Be7 18.Nd4 Nxf4 19.Qxf4 Bg5 20.Qg4 Bh6 21.a4 b4 22.cxb4 Qb6
23.b5 Rc4 24.Red1 O-O 25.b3 Rb4 26.a5 Qc5 27.bxa6 Ba8 28.Qxh4 Bc6 29.h3 Bd7
30.Qg4 Ra8 31.Be2 Bc8 32.Ra2 Qc7 33.Rc2 Qxa5 34.Nc6 Rxg4 35.Nxa5 Rg5 36.f4 Rg3
37.Rd4 g5 38.a7 Bf8 39.b4 Ra3 40.Rc7  1-0

[Event "TCh-SUI 2013"]
[Site "Switzerland SUI"]
[Date "2013.09.08"]
[Round "7.2"]
[White "Hort,V"]
[Black "Milov,V"]
[Result "1/2-1/2"]
[WhiteElo "2447"]
[BlackElo "2643"]

1.d4 Nf6 2.Nf3 g6 3.c4 Bg7 4.Nc3 d6 5.e4 O-O 6.h3 Na6 7.Be2 e5 8.d5 Nc5 9.Qc2 a5
10.Be3 Qe8 11.Nd2 Bd7 12.g4 c6 13.Nb3 cxd5 14.cxd5 b6 15.Nxc5 bxc5 16.a4 Qe7
17.Nb5 Ne8 18.Bd3 Rb8 19.Rg1 Kh8 20.Rg3 f5 21.exf5 e4 22.Bxe4 Bxb5 23.axb5 Rxb5
24.Ra2 Rb4 25.Bg2 gxf5 26.gxf5 Be5 27.Rg4 Ng7 28.Rxb4 axb4 29.Be4 Nh5 30.Ra6 Qg7
31.Ke2 Re8 32.Qa4 Qf8 33.Bf3 Nf6 34.Kf1 Bxb2 35.Ra7 Be5 36.Bg5 Rb8 37.Qc6 Rd8
38.Qc7 Qg8 39.Qe7 Qxg5 40.Qxd8+ Qg8 41.Qa5 Qg5 42.Qd8+ Qg8 43.Qa5 Qg5  1/2-1/2

[Event "TCh-SUI 2013"]
[Site "Switzerland SUI"]
[Date "2013.10.12"]
[Round "8.2"]
[White "Milov,V"]
[Black "Miralles,G"]
[Result "1-0"]
[WhiteElo "2643"]
[BlackElo "2472"]

1.d4 d6 2.e4 Nf6 3.Nc3 g6 4.Nf3 Bg7 5.Be2 O-O 6.O-O c6 7.a4 a5 8.h3 Na6 9.Be3 Nb4
10.Qd2 e5 11.dxe5 dxe5 12.Rad1 Qe7 13.Qc1 Nh5 14.Rfe1 Nf4 15.Bxf4 exf4 16.e5 Bf5
17.Bd3 Bxd3 18.cxd3 Rad8 19.d4 Nd5 20.Ne4 Qb4 21.Qc2 Nc7 22.Rd3 Ne6 23.Red1 f6
24.Nd6 fxe5 25.dxe5 c5 26.Qc4 Qxc4 27.Nxc4 Rxd3 28.Rxd3 Re8 29.Kf1 Kf8 30.Rd6 Nd8
31.Rd5 Nc6 32.Rxc5 h6 33.Ke2 Re7 34.Rb5 g5 35.Kd3 Rd7+ 36.Ke4 Rd1 37.Rxb7 Rf1
38.Rb6 Nd8 39.Rb8 Ke7 40.Nd4 Kd7 41.Ra8 Bf8 42.Nb6+ Kc7 43.Nd5+ Kd7 44.Ra7+ Kc8
45.Nb6+ Kb8 46.Rd7 Bc5 47.Rxd8+ Kc7 48.Rc8+  1-0

[Event "TCh-SUI 2013"]
[Site "Switzerland SUI"]
[Date "2013.10.13"]
[Round "9.3"]
[White "Milov,V"]
[Black "Brunner,L"]
[Result "1/2-1/2"]
[WhiteElo "2643"]
[BlackElo "2449"]

1.d4 d5 2.c4 dxc4 3.e3 Nf6 4.Bxc4 e6 5.Nf3 c5 6.O-O a6 7.a4 Nc6 8.Qe2 Qc7
9.Rd1 Be7 10.Nc3 O-O 11.h3 Rd8 12.b3 b6 13.Bb2 Bb7 14.d5 exd5 15.Nxd5 Nxd5
16.Bxd5 Nb4 17.Bc4 Bd5 18.Bc3 Qb7 19.Bxb4 cxb4 20.Bxd5 Rxd5 21.e4 Rc5 22.e5 Re8
23.Rd3 Qc6 24.Rad1 Bf8 25.Nd4 Qh6 26.Re3 Rd5 27.Nf3 Rxd1+ 28.Qxd1 Bc5 29.Re4 Qc6
30.Qd3 a5 31.g3 Qc8 32.Kg2 Rd8 33.Qe2 Qe6 34.Rc4 Qd5 35.h4 h6 36.Qb2 Qd1
37.Rc1 Qd3 38.Rc4 Qd1 39.Rc1 Qd3 40.Rc2 Qe4 41.Re2 Qc6  1/2-1/2

[Event "FIDE World Rapid 2014"]
[Site "Dubai UAE"]
[Date "2014.06.16"]
[Round "5.38"]
[White "Kovalev,Vl"]
[Black "Milov,V"]
[Result "1/2-1/2"]
[WhiteElo "2554"]
[BlackElo "2622"]

1.e4 c5 2.Nf3 e6 3.d4 cxd4 4.Nxd4 a6 5.Nc3 d6 6.Be2 b5 7.O-O Bb7 8.a3 Nd7
9.f4 Rc8 10.Bf3 Ngf6 11.Qe1 e5 12.Nf5 g6 13.fxe5 Nxe5 14.Nh6 Bg7 15.Bg5 Qb6+
16.Kh1 Nfd7 17.Rd1 Qc5 18.Qh4 f6 19.Bc1 Qc4 20.Be2 Qe6 21.Qg3 Qe7 22.h3 Nc5
23.Bg4 Rc7 24.Rfe1 Ne6 25.Bxe6 Qxe6 26.Qf2 Bxh6 27.Bxh6 g5 28.Nd5 Bxd5 29.exd5 Qe7
30.Rf1 Rg8 31.Qxf6 Rxc2 32.Qf5 Rc7 33.Rc1 Kd8 34.Bf8 Qf7 35.Qxf7 Rxf7 36.Bxd6 Rxf1+
37.Rxf1 Nc4 38.Bc5 Re8 39.b3 Nd2 40.Rf7 Re1+ 41.Kh2 Nf1+ 42.Kg1 Ng3+ 43.Kh2 Nf1+  1/2-1/2

[Event "FIDE World Rapid 2014"]
[Site "Dubai UAE"]
[Date "2014.06.17"]
[Round "7.32"]
[White "Anton Guijarro,D"]
[Black "Milov,V"]
[Result "1/2-1/2"]
[WhiteElo "2631"]
[BlackElo "2622"]

1.e4 c5 2.Nf3 e6 3.d3 Nc6 4.g3 g6 5.Bg2 Bg7 6.O-O d6 7.c3 e5 8.a3 Nge7 9.b4 b6
10.Nbd2 O-O 11.Nc4 b5 12.Ne3 cxb4 13.axb4 h6 14.Nd2 Be6 15.Nd5 a5 16.bxa5 Rxa5
17.Bb2 f5 18.Qb3 Nxd5 19.exd5 Bf7 20.Rxa5 Nxa5 21.Qxb5 Qc7 22.Qb4 Rb8 23.Qa3 Nb7
24.d4 e4 25.c4 Qb6 26.Rb1 Bxd4 27.Bxd4 Qxd4 28.Qe3 Qxe3 29.fxe3 Kf8 30.g4 Ke7
31.Bh3 fxg4 32.Bxg4 Kd8 33.Nxe4 Kc7 34.Be6 Be8 35.Kf2 Ba4 36.Nc3 Rf8+ 37.Ke2 Nc5
38.Ra1 Bb3 39.Nb5+ Kb6 40.Nxd6 Rd8 41.Nc8+ Kb7 42.Rb1 Kc7 43.Rxb3 Nxb3 44.Ne7 Nc5
45.Nxg6 Nxe6 46.dxe6 Kd6 47.e7 Rc8 48.Kd3 Ke6 49.Kd4 Kf6 50.Nf4 Kxe7 51.c5 Rd8+
52.Nd5+ Kd7 53.e4 Rf8 54.Ne3 Kc6 55.Nf5 h5 56.Ne7+ Kd7 57.Nf5 Kc6 58.Kc4 Re8
59.Nd4+ Kc7 60.Kd5 Rd8+ 61.Ke5 Rg8 62.Kf6 Rg4 63.Ne6+ Kc6 64.e5 Rh4 65.Ng7 Rxh2
66.e6 Re2 67.Nxh5  1/2-1/2

[Event "FIDE World Rapid 2014"]
[Site "Dubai UAE"]
[Date "2014.06.17"]
[Round "8.30"]
[White "Milov,V"]
[Black "Andriasian,Z"]
[Result "1/2-1/2"]
[WhiteElo "2622"]
[BlackElo "2611"]

1.d4 Nf6 2.c4 c6 3.Nf3 d5 4.e3 Bg4 5.cxd5 Bxf3 6.Qxf3 cxd5 7.Nc3 Nc6 8.Bd2 e6
9.Bd3 Bd6 10.O-O O-O 11.Qh3 Rc8 12.Rac1 a6 13.f4 Bb4 14.Be1 g6 15.Bh4 Be7
16.Bg5 Nd7 17.Bh6 Re8 18.f5 exf5 19.Bxf5 Nb6 20.Bxc8 Qxc8 21.Qxc8 Rxc8 22.Ne2 Re8
23.b3 Ba3 24.Rc2 Bd6 25.Rf6 Be7 26.Rfxc6 bxc6 27.Rxc6 Rb8 28.Bf4 Rb7 29.Rc7 Rxc7
30.Bxc7 Nd7 31.Nf4 Nf6 32.Be5 Ne4 33.Nxd5 Bd8 34.Kf1 f5 35.Bc7 Bg5 36.Bf4 Bd8
37.Ke2 Kf7 38.Kd3 h5 39.Nb4 g5 40.Bb8 a5 41.Nc6 Bb6 42.Kc4 Ke8 43.Kb5 Bd8
44.Nxd8 Kxd8 45.Kxa5 Nc3 46.Kb4 Nd5+ 47.Kc5 Nxe3 48.g3 Ng4 49.h4 f4 50.gxf4 gxh4
51.f5 h3 52.Kd5 h2 53.Bxh2 Nxh2 54.Ke4 h4 55.Kf4 Nf1 56.f6 h3 57.Kf3 h2 58.Kg2 Ne3+
59.Kxh2 Ng4+ 60.Kg3 Nxf6 61.Kf4 Nd5+ 62.Ke5 Nb4 63.a3 Nc2 64.a4 Kc7 65.d5 Kd7
66.a5 Nb4 67.Kd4 Kd6 68.Kc4 Nxd5 69.Kb5 Kc7 70.Kc5 Ne7  1/2-1/2

[Event "FIDE World Blitz 2014"]
[Site "Dubai UAE"]
[Date "2014.06.19"]
[Round "1.9"]
[White "Nepomniachtchi,I"]
[Black "Milov,V"]
[Result "1-0"]
[WhiteElo "2730"]
[BlackElo "2622"]

1.e4 c5 2.Nf3 e6 3.d4 cxd4 4.Nxd4 a6 5.c4 Nf6 6.Nc3 d6 7.Be2 Be7 8.O-O O-O
9.Be3 Qc7 10.Rc1 b6 11.f3 Bb7 12.b4 Nbd7 13.Qb3 Rac8 14.Rfd1 Qb8 15.Bf1 Bd8
16.Kh1 Bc7 17.Bg1 Rfe8 18.Qb1 Ne5 19.a4 h5 20.Nb3 h4 21.h3 Ng6 22.Ne2 Nh5
23.c5 dxc5 24.bxc5 Ngf4 25.Nbd4 bxc5 26.Rxc5 Red8 27.Bf2 Nxe2 28.Nxe2 Rxd1
29.Qxd1 Rd8 30.Qb1 Ng3+ 31.Nxg3 Bxg3 32.Bg1 Rd7 33.Rc2 Qd8 34.Be2 g6 35.Qb3 a5
36.Rc1 Kh7 37.Bb5 Rc7 38.Rd1 Qc8 39.Qb2 Qh8 40.Bd4 e5 41.Bb6 Re7 42.Bg1 Qf6
43.Qd2 Rc7 44.Qxa5 Rc2 45.Bd3 Rb2 46.Qc3 Ra2 47.Qb3  1-0